000
00293cam a2200109ua 4500
082
_a
636
_b
GEO/MRU
100
_a
George, Mathen .
_9
1719
245
_a
Mrugasamrakshana Tatvangal /
260
_a
Thiruvananthapuram :
_b
State Instititute of Languages ,
_c
1973.
300
_a
384 ; .
942
_c
BK
999
_c
10862
_d
10862